Sustainable Development and Smart Environment As a Core Element of Smart City Concepts in Europe
Koncepty inteligentného mesta sa stávajú základom pri plánovaní mesta. Zatiaľ, čo sa mestá zameriavajú najmä na využívanie nových technológií, alebo ako pritiahnuť turistov, štúdia sa zameriava na enviromentálny aspekt inteligentného mesta. Porovnanie konceptov Bratislavy s Rigou.
Salvato in:
| Autore principale: | |
|---|---|
| Natura: | Capitolo di libro |
| Lingua: | inglese |
| Soggetti: | |
| Tags: |
Nessun Tag, puoi essere il primo ad aggiungerne!!
|
MARC
| LEADER | 00000nla a2200000 4500 | ||
|---|---|---|---|
| 001 | 0241209 | ||
| 005 | 20240502073926.6 | ||
| 041 | 0 | |a eng | |
| 044 | |a SK | ||
| 245 | 1 | 0 | |a Sustainable Development and Smart Environment As a Core Element of Smart City Concepts in Europe |c Kristína Baculáková |
| 520 | |a Koncepty inteligentného mesta sa stávajú základom pri plánovaní mesta. Zatiaľ, čo sa mestá zameriavajú najmä na využívanie nových technológií, alebo ako pritiahnuť turistov, štúdia sa zameriava na enviromentálny aspekt inteligentného mesta. Porovnanie konceptov Bratislavy s Rigou. | ||
| 610 | 2 | 0 | |a rozvoj územný |
| 610 | 2 | 0 | |a rozvoj regionálny |
| 610 | 2 | 0 | |a environmentalistika |
| 610 | 2 | 0 | |a prostredie životné |
| 610 | 2 | 0 | |a technológie nové |
| 610 | 2 | 0 | |a inovácie environmentálne |
| 610 | 2 | 0 | |a inovácie technologické |
| 610 | 2 | 0 | |a mestá inteligentné |
| 100 | 1 | |a Baculáková, Kristína, 1988- | |